TIP TERBIT BUKU AKADEMIK & ARTIKEL JURNAL BERWASIT : (Record no. 203482)

MARC details
000 -LEADER
fixed length control field 01091nam a2200289 i 4500
003 - CONTROL NUMBER IDENTIFIER
control field OSt
005 - DATE AND TIME OF LATEST TRANSACTION
control field 20260319090640.0
008 - FIXED-LENGTH DATA ELEMENTS--GENERAL INFORMATION
fixed length control field 260319s2025 my a gr 000 0 may d
020 ## - INTERNATIONAL STANDARD BOOK NUMBER
International Standard Book Number 9786299993841
Terms of availability RM 34.00
Qualifying information paperback
040 ## - CATALOGING SOURCE
Original cataloging agency PPAK
Language of cataloging eng
Transcribing agency PPAK
Description conventions rda
082 04 - DEWEY DECIMAL CLASSIFICATION NUMBER
Edition number 23
Classification number 808.066378
090 00 - LOCALLY ASSIGNED LC-TYPE CALL NUMBER (OCLC); LOCAL CALL NUMBER (RLIN)
Classification number (OCLC) (R) ; Classification number, CALL (RLIN) (NR) 808.066378
Feature heading MAK
Feature heading G
100 0# - MAIN ENTRY--PERSONAL NAME
Personal name Makmor Tumin,
Relator term author.
245 10 - TITLE STATEMENT
Title TIP TERBIT BUKU AKADEMIK & ARTIKEL JURNAL BERWASIT :
Remainder of title PANDUAN UNTUK PENSYARAH MUDA /
Statement of responsibility, etc. MAKMOR TUMIN, SITI NUR EDLYN NADIA ZURAIJU, MARIA MOHD ISMAIL ; Penyunting: Siti Norasikin Abd Wahab
264 #1 - PRODUCTION, PUBLICATION, DISTRIBUTION, MANUFACTURE, AND COPYRIGHT NOTICE
Place of production, publication, distribution, manufacture Petaling Jaya, Selangor :
Name of producer, publisher, distributor, manufacturer HIKMAH PUBLISHING,
Date of production, publication, distribution, manufacture, or copyright notice [2025]
300 ## - PHYSICAL DESCRIPTION
Extent xi, 106 pages :
Other physical details illustrations ;
Dimensions 18 cm
336 ## - CONTENT TYPE
Content type term text
Source rdacontent
337 ## - MEDIA TYPE
Media type term unmediated
Source rdamedia
338 ## - CARRIER TYPE
Carrier type term volume
Source rdacarrier
504 ## - BIBLIOGRAPHY, ETC. NOTE
Bibliography, etc. note Incudes bibliographical references pages
650 10 - SUBJECT ADDED ENTRY--TOPICAL TERM
Topical term or geographic name entry element Academic writing
General subdivision Handbooks, manuals, etc
Topical term or geographic name entry element Authorship
Topical term or geographic name entry element Dissertations, Academic
Topical term or geographic name entry element Authorship
Chronological subdivision Marketing
Topical term or geographic name entry element Education
General subdivision Research
942 ## - ADDED ENTRY ELEMENTS (KOHA)
Source of classification or shelving scheme Dewey Decimal Classification
Koha item type Book
Holdings
Withdrawn Not for loan Current library Shelving location Date acquired Total Checkouts Full call number Barcode Date last seen Koha item type
    Perpustakaan Alor Setar Pinjaman Dewasa 31/03/2026   808.066378 MAK A01912153 31/03/2026 Book
    Perpustakaan Awam Sungai Petani Pinjaman Dewasa 31/03/2026   808.066378 MAK A01912154 31/03/2026 Book
    Perpustakaan Baling Pinjaman Dewasa 31/03/2026   808.066378 MAK A01912158 31/03/2026 Book
    Perpustakaan Bandar Baharu Pinjaman Dewasa 31/03/2026   808.066378 MAK A01912159 31/03/2026 Book
    Perpustakaan Jitra Pinjaman Dewasa 31/03/2026   808.066378 MAK A01912155 31/03/2026 Book
    Perpustakaan Kulim Pinjaman Dewasa 31/03/2026   808.066378 MAK A01912157 31/03/2026 Book
    Perpustakaan Langkawi Pinjaman Dewasa 31/03/2026   808.066378 MAK A01912156 31/03/2026 Book